Sports Quiz

Random Sports or Soccer Quiz

Top 100 Highest Paid Football Players Quiz Stats

 Plays Quiz not verified by Sporcle

Challenge
Share
Tweet
Embed
Score 0/100 Timer 20:00
0 Plays Today
Rank Player % Correct
1.Cristiano Ronaldo
98.6%
2.Lionel Messi
97.9%
5.Wayne Rooney
91.5%
3.Fernando Torres
84.2%
13.Frank Lampard
80.5%
15.Xavi
79.8%
25.Didier Drogba
78.5%
14.Steven Gerrard
77.5%
16.Andrés Iniesta
76.7%
12.John Terry
76.7%
9.Carlos Tévez
74.3%
22.Kolo Touré
73.6%
4.Yaya Touré
73.4%
67.David Beckham
72%
6.Kaká
71.2%
47.Sergio Agüero
71.1%
7.Zlatan Ibrahimovic
70.3%
40.Arjen Robben
67.4%
11.Franck Ribéry
66.2%
48.Carles Puyol
65.3%
26Iker Casillas
64.6%
97.Thierry Henry
64%
73.Robin van Persie
63.8%
74.David Silva
63.2%
17.David Villa
62.9%
27.Karim Benzema
61.2%
10.Samuel Eto'o
60.9%
20.Rio Ferdinand
60.8%
29.Cesc Fàbregas
60.3%
46.Ronaldinho
57.9%
23.Ashley Cole
57.4%
30.Petr Cech
57%
42.Joe Cole
57%
43.Mesut Özil
56.8%
Rank Player % Correct
18.Daniel Alves
56.5%
35.Francesco Totti
56.3%
60.Ryan Giggs
55.9%
21.Mario Balotelli
55.6%
94.Nemanja Vidic
55.5%
71.Xabi Alonso
54.9%
8.Emmanuel Adebayor
53.7%
84.Robinho
52.9%
19.Edin Dzeko
52.8%
32.Victor Valdés
52.4%
70.Paul Scholes
51.3%
88.Pepe
48.6%
86.Wesley Sneijder
47.2%
31.Gianluigi Buffon
47.2%
28Gonzalo Higuaín
47.1%
33.Andrea Pirlo
44.7%
55.Andy Carroll
44.1%
54.Patrice Evra
44%
69.Diego Forlán
43.4%
56.Dimitar Berbatov
42.2%
77.Craig Bellamy
41.7%
38.Bastian Schweinsteiger
41.6%
82.Raúl
40.2%
53.Edwin Van der Sar
40.2%
83.Mário Gomez
39.8%
58.Nicolas Anelka
39.7%
39.Gareth Barry
38.5%
24.Glen Johnson
38.5%
72.Jamie Carragher
37.9%
45.Michael Ballack
37.6%
99.James Milner
36.9%
92.Javier Mascherano
34.3%
64.Diego Milito
33.6%
61.Daniele De Rossi
33%
Rank Player % Correct
85.Alessandro Del Piero
32.6%
76.Florent Malouda
32.1%
52.Joleon Lescott
31.1%
79.Miroslav Klose
31%
44.Sami Khedira
30.1%
57.Andrei Arshavin
29.6%
62.Ricardo Carvalho
28.6%
98.Maicon
27.5%
34.Frederic Kanouté
25.4%
95.Diego
25.1%
100.Ji-Sung Park
24.8%
63.Alessandro Nesta
24.4%
41.Aleksandar Kolarov
24.3%
65.Júlio César
23.9%
87.Esteban Cambiasso
22.6%
50.Lassana Diarra
21.3%
89.Clarence Seedorf
20.6%
81.Lisandro López
20.6%
51.Wayne Bridge
19.6%
90.Ruud van Nistelrooy
18.6%
91.Deco
16.2%
59.Yoann Gourcuff
16.1%
49.Luca Toni
15.2%
80.Cris
13.2%
36.Patrick Vieira
12.7%
75.Lucho González
10.2%
96.André-Pierre Gignac
10%
78.Amauri
9.3%
66.Matthieu Flamini
8.6%
37.Kevin Kurányi
8.3%
68.Gabriel Heinze
8.1%
93.Torsten Frings
6.6%

You're not logged in!

Compare scores with friends on all Sporcle quizzes.
Join for Free
OR
Log In

You Might Also Like...

Show Comments

Extras

Top Quizzes Today


Score Distribution

Your Account Isn't Verified!

In order to create a playlist on Sporcle, you need to verify the email address you used during registration. Go to your Sporcle Settings to finish the process.

Report this User

Report this user for behavior that violates our Community Guidelines.

Details: